000
00299nam a2200121Ia 4500
008
220204s9999 xx 000 0 und d
082
_a
579:581.557.24
_b
HAR
100
_a
HARLEY, J L
245
0
_a
Biology of mycorrhiza
260
_a
London
_b
Leonard Hill
_c
1959
650
_a
Mycorrhiza
942
_c
BK
999
_c
19640
_d
19640